Handbook of botanical diagrams.

محفوظ في:

المؤلف الرئيسي: Lloyd, Blodwen.

التنسيق: كتاب

اللغة: English

منشور في: London : University of London Press, [1962].

الطبعة: [2d ed.].

الموضوعات:

الوسوم: إضافة وسم

لا توجد وسوم, كن أول من يضع وسما على هذه التسجيلة!

رقم الطلب: QK55 .L5

LEADER 00564nam a22002057a 4500
003 OSt
005 20251117100129.0
008 251117t1962 enka 000 0 eng
040 |c ARCE Library 
050 1 4 |a QK55  |b .L5 
100 1 |a Lloyd, Blodwen. 
245 1 0 |a Handbook of botanical diagrams. 
246 3 0 |a Botanical diagrams. 
250 |a [2d ed.]. 
264 1 |a London :  |b University of London Press,  |c [1962]. 
300 |a 108 p. :  |b (chiefly illus.) ;  |c 30 cm. 
650 0 |a Plants -- Charts, diagrams, etc. 
901 |a reviewed 
942 |2 lcc  |c BK 
999 |c 48671  |d 48671